PROGESTERONE, ANDROGEN AND ESTRADIOL PRODUCTION BY PORCINE LUTEAL CELL SUBPOPULATIONS: DEPENDENCE ON CELL COMPOSITION AND PERIODS OF LUTEAL PHASE

Bibliographic Details
Main Author: Gregoraszczuk, E. L. (Author)
Format: Article
Language:English

MARC

LEADER 00000nab a2200000uu 4500
001 vtls010891148
003 SK-MaSNL
005 20260303182250.0
008 230218|1997 xo |||||||||||||||||eng|
015 |a SNBRB 
035 |a (urnnbn)urn:nbn:sk:snk:ar-0063ny 
035 |a (uuid)553f6526-1cdf-4b0d-83cc-7c1c972785e4 
035 |a urn:nbn:sk:snk-ab8l07 
040 |a SNKBUCL  |b slo  |c SNKBUCL  |e AACR2 
041 0 |a eng 
044 |a xo  |c SK 
100 1 |a Gregoraszczuk, E. L.  |4 aut  |9 825178 
245 1 0 |a PROGESTERONE, ANDROGEN AND ESTRADIOL PRODUCTION BY PORCINE LUTEAL CELL SUBPOPULATIONS: DEPENDENCE ON CELL COMPOSITION AND PERIODS OF LUTEAL PHASE  |c E. L. Gregoraszczuk 
773 0 |t Endocrine regulations  |g Roč. 31, č. 1 (1997), s. 41-46 
958 |a OND 
958 |a EUIPO 
958 |a article10 
999 |c 2116313  |d 2118243